[Event "Open Nuevo Centro. Jornada 5"]
[Site "Chess.com"]
[Date "2020.07.17"]
[Round "3"]
[White "Castellano López, Javier"]
[Black "Yatseta Fernandez, Marc Kazymyr"]
[Result "0-1"]
[WhiteElo "1857"]
[BlackElo "1544"]
[PlyCount "100"]
[EventDate "2020.??.??"]

1. d4 Nf6 2. c4 e5 3. dxe5 Ne4 4. Qd4 Bb4+ 5. Bd2 Nxd2 6. Nxd2 Nc6 7. Qe4 Bxd2+
8. Kxd2 Qg5+ 9. e3 Qxe5 10. Qxe5+ Nxe5 11. Nf3 Nxf3+ 12. gxf3 O-O 13. Rg1 Kh8
14. Bd3 d6 15. Rg3 h6 16. Rag1 Rg8 17. h4 g6 18. h5 Bf5 19. hxg6 fxg6 20. e4
Be6 21. Rxg6 Rxg6 22. Rxg6 Bf7 23. Rxh6+ Kg7 24. Rh2 Rf8 25. Ke3 b5 26. b3 bxc4
27. Bxc4 Bxc4 28. bxc4 Rb8 29. Kd4 Rb2 30. Rg2+ Kf7 31. Kd5 Rxa2 32. Kc6 Rc2
33. Kxc7 Rxc4+ 34. Kxd6 Rc3 35. f4 Rf3 36. f5 a5 37. Ke5 a4 38. Rg3 Rxg3 39.
fxg3 a3 40. g4 a2 41. g5 a1=Q+ 42. Kf4 Qc1+ 43. Kg4 Qe3 44. Kh5 Qxe4 45. g6+
Kg8 46. Kg5 Qe5 47. Kg4 Kg7 48. Kg5 Qg3+ 49. Kh5 Kf6 50. Kh6 Qh4# 0-1

[Event "Open Nuevo Centro. Jornada 5"]
[Site "Chess.com"]
[Date "2020.07.17"]
[Round "3"]
[White "Furio Martinez, Francisco"]
[Black "Hernández Tomás, Efrén"]
[Result "0-1"]
[WhiteElo "679"]
[BlackElo "1005"]
[PlyCount "64"]
[EventDate "2020.??.??"]

1. d4 d5 2. e3 c5 3. dxc5 e6 4. Nf3 Bxc5 5. Be2 Nc6 6. O-O Nf6 7. Nbd2 O-O 8.
b3 a6 9. Bb2 Ne4 10. Rc1 Nxd2 11. Qxd2 Bb4 12. Qd1 f6 13. c4 dxc4 14. Qxd8 Rxd8
15. bxc4 Rd2 16. Nxd2 Bxd2 17. Rc2 Bb4 18. c5 b5 19. h3 Bb7 20. Rcc1 Rd8 21.
Rc2 Ba5 22. g3 Nb4 23. c6 Nxc2 24. h4 Bxc6 25. Bxb5 Bxb5 26. Rc1 Rd2 27. Kg2
Nxe3+ 28. Kh2 Rxf2+ 29. Kh3 Rxb2 30. Rc8+ Kf7 31. Rc7+ Bd7 32. Rxd7+ Kg6 0-1

[Event "Open Nuevo Centro. Jornada 5"]
[Site "Chess.com"]
[Date "2020.07.17"]
[Round "3"]
[White "Lloret Ramis, Juan José"]
[Black "Kovacevic, Slobodan"]
[Result "0-1"]
[WhiteElo "2000"]
[BlackElo "2190"]
[PlyCount "66"]
[EventDate "2020.??.??"]

1. c4 c5 2. Nc3 Nf6 3. Nf3 e6 4. g3 b6 5. Bg2 Bb7 6. O-O d6 7. d4 cxd4 8. Qxd4
a6 9. Bg5 Nbd7 10. Rfd1 Be7 11. e4 Qc7 12. Rac1 O-O 13. b3 Rac8 14. h3 Rfe8 15.
Qe3 h6 16. Bxf6 Bxf6 17. Nh2 Red8 18. Qe2 b5 19. Ng4 bxc4 20. Nxf6+ Nxf6 21. e5
dxe5 22. Bxb7 Qxb7 23. Rxd8+ Rxd8 24. Qxc4 Rd2 25. a4 Qf3 26. Rf1 Rc2 27. Qxa6
Rxc3 28. b4 Rc2 29. b5 Ne4 30. Qa8+ Kh7 31. b6 Rxf2 32. Qxe4+ Qxe4 33. Rxf2
Qb1+ 0-1

[Event "Open Nuevo Centro. Jornada 5"]
[Site "Chess.com"]
[Date "2020.07.17"]
[Round "3"]
[White "Ainsa Jimenez, Lucas"]
[Black "Valverde Alcaide, Miguel Alejandro"]
[Result "1-0"]
[WhiteElo "1042"]
[BlackElo "860"]
[PlyCount "57"]
[EventDate "2020.??.??"]

1. e4 e5 2. Nf3 Nc6 3. Bc4 h6 4. O-O Qe7 5. Nc3 Na5 6. Bb3 c5 7. Nd5 Qd6 8. d3
Nxb3 9. axb3 Nf6 10. Nxf6+ Qxf6 11. Be3 g5 12. Bxc5 Bxc5 13. c3 b5 14. d4 exd4
15. cxd4 Bd6 16. e5 Bxe5 17. dxe5 Qf4 18. Nd4 Bb7 19. Nxb5 Qg4 20. Qxg4 Rc8 21.
Nd6+ Ke7 22. Nxc8+ Bxc8 23. Rad1 d6 24. exd6+ Kf6 25. Qd4+ Kg6 26. Qxh8 Kf5 27.
Qxc8+ Kg6 28. Qc2+ f5 29. d7 1-0

[Event "Open Nuevo Centro. Jornada 5"]
[Site "Chess.com"]
[Date "2020.07.17"]
[Round "3"]
[White "Martin Ayala, David"]
[Black "Orts Tomás, Marc"]
[Result "1-0"]
[WhiteElo "2123"]
[BlackElo "1717"]
[PlyCount "47"]
[EventDate "2020.??.??"]

1. e4 c5 2. Nc3 Nc6 3. f4 g6 4. Nf3 Bg7 5. Bc4 e6 6. O-O Nge7 7. Qe1 O-O 8. f5
d5 9. Bb3 dxe4 10. Nxe4 exf5 11. Nxc5 Re8 12. Qf2 Nd4 13. Ng5 Nxb3 14. Nxb3 Nc6
15. d3 Nd4 16. Nf3 Re2 17. Qg3 Nxc2 18. Rb1 Qxd3 19. Bf4 Ne3 20. Rfe1 Rxe1+ 21.
Rxe1 Nd5 22. Re8+ Bf8 23. Bh6 Qb1+ 24. Ne1 1-0

[Event "Open Nuevo Centro. Jornada 5"]
[Site "Chess.com"]
[Date "2020.07.17"]
[Round "3"]
[White "Garcia Trobat, Francisco"]
[Black "Rodriguez Rodriguez, Joan David"]
[Result "1-0"]
[WhiteElo "2151"]
[BlackElo "1576"]
[PlyCount "37"]
[EventDate "2020.??.??"]

1. Nf3 Nf6 2. d4 d5 3. Bf4 c5 4. e3 Nc6 5. Nbd2 Qb6 6. dxc5 Qxb2 7. Rb1 Qxa2 8.
Bb5 e6 9. Nb3 Qa3 10. O-O Bxc5 11. Nfd4 Bxd4 12. exd4 O-O 13. Nc5 Qc3 14. Bxc6
bxc6 15. Rb3 Qa5 16. Be5 Nd7 17. Bxg7 Kxg7 18. Qg4+ Kh8 19. Rg3 1-0

[Event "Open Nuevo Centro. Jornada 5"]
[Site "Chess.com"]
[Date "2020.07.17"]
[Round "3"]
[White "Miranda Calvo, Max Rodrigo"]
[Black "Fernández Martin, Carlos"]
[Result "0-1"]
[WhiteElo "1313"]
[BlackElo "1718"]
[PlyCount "81"]
[EventDate "2020.??.??"]

1. e4 c5 2. Nf3 d6 3. g3 Nf6 4. Bg2 Nxe4 5. d3 Nf6 6. Bg5 e6 7. c4 Qa5+ 8. Nc3
Be7 9. O-O Nc6 10. Qc2 O-O 11. a3 Nd4 12. Nxd4 cxd4 13. Ne2 e5 14. b4 Qc7 15.
Nc1 Be6 16. Nb3 Rac8 17. Na5 b6 18. Nc6 Qd7 19. b5 a6 20. a4 a5 21. Bd2 Ne8 22.
Rfe1 Bf6 23. f4 exf4 24. Bxf4 Nc7 25. Bc1 d5 26. Bb2 dxc4 27. dxc4 d3 28. Qd2
Bxb2 29. Qxb2 Bxc4 30. Ne5 Qe6 31. Nxd3 Qd6 32. Ne5 Qc5+ 33. Kh1 Bd5 34. Nd7
Bxg2+ 35. Kxg2 Qd5+ 36. Kg1 Qxd7 37. Rad1 Qg4 38. Kg2 Ne6 39. h3 Qxa4 40. Rd7
Rc2+ 41. Qxc2 0-1

[Event "Open Nuevo Centro. Jornada 5"]
[Site "Chess.com"]
[Date "2020.07.17"]
[Round "3"]
[White "Vega Gutiérrez, Sabrina"]
[Black "Reig Albero, Ferran"]
[Result "1-0"]
[WhiteElo "2181"]
[BlackElo "1842"]
[PlyCount "69"]
[EventDate "2020.??.??"]

1. e4 c5 2. Nf3 d6 3. d4 cxd4 4. Qxd4 Nf6 5. Nc3 Nc6 6. Bb5 Bd7 7. Bxc6 Bxc6 8.
Bg5 e6 9. O-O-O Be7 10. Qd3 Qa5 11. h4 O-O 12. Nd4 Rac8 13. f4 Rfe8 14. f5 e5
15. Nb3 Qb6 16. Bxf6 Bxf6 17. g4 a5 18. g5 Be7 19. f6 Bf8 20. h5 a4 21. Nd2 Qd4
22. Qg3 a3 23. g6 axb2+ 24. Kb1 fxg6 25. hxg6 h6 26. f7+ Kh8 27. fxe8=Q Rxe8
28. Nb3 Qa7 29. Rdg1 Re7 30. Rf1 Re8 31. Rf7 Be7 32. Qg4 b5 33. Rxh6+ gxh6 34.
Rh7+ Kg8 35. Qe6+ 1-0

[Event "Open Nuevo Centro. Jornada 5"]
[Site "Chess.com"]
[Date "2020.07.17"]
[Round "3"]
[White "Maestre Soler, Sergio"]
[Black "Fitzpatrick Dimas, Andrew"]
[Result "0-1"]
[WhiteElo "869"]
[BlackElo "1112"]
[PlyCount "76"]
[EventDate "2020.??.??"]

1. e4 e5 2. Bc4 Nc6 3. Nc3 Bc5 4. Nf3 Nf6 5. h3 O-O 6. O-O h6 7. Nd5 Nxe4 8. d3
Nf6 9. Nxf6+ Qxf6 10. b3 Bd4 11. Rb1 Na5 12. Bb2 Bxb2 13. Rxb2 Nxc4 14. bxc4 a5
15. Qe1 e4 16. Qxe4 Qxb2 17. Re1 d5 18. cxd5 Bd7 19. Qe7 Qb5 20. Ne5 Qxd5 21.
Nxd7 Rfe8 22. Qxe8+ Rxe8 23. Rxe8+ Kh7 24. Rd8 Qxa2 25. Rc8 Qxc2 26. Kh2 Qxd3
27. Rxc7 Qd6+ 28. g3 Qxc7 29. Ne5 Qxe5 30. Kg2 a4 31. Kf1 a3 32. g4 a2 33. g5
a1=Q+ 34. Kg2 Qe4+ 35. Kg3 Qc3+ 36. Kh2 Qcf3 37. g6+ Kh8 38. Kg1 Qg2# 0-1

[Event "Open Nuevo Centro. Jornada 5"]
[Site "Chess.com"]
[Date "2020.07.17"]
[Round "3"]
[White "Movsisyan, Tigran"]
[Black "Segarra Martinez, Axel"]
[Result "0-1"]
[WhiteElo "1874"]
[BlackElo "2224"]
[PlyCount "58"]
[EventDate "2020.??.??"]

1. e4 e6 2. d4 d5 3. Nd2 Nf6 4. e5 Nfd7 5. Bd3 c5 6. c3 Nc6 7. Ngf3 cxd4 8.
cxd4 g6 9. O-O Bg7 10. Nb3 a5 11. Be3 a4 12. Nbd2 O-O 13. Rc1 a3 14. b3 Nb4 15.
Bb1 b6 16. Qe1 Ba6 17. Nc4 dxc4 18. Qxb4 cxb3 19. Rfd1 bxa2 20. Bxa2 Be2 21.
Rd2 Bxf3 22. gxf3 Qh4 23. Rc7 Rfd8 24. Qb5 Rac8 25. Rdc2 Rxc7 26. Rxc7 Nf8 27.
Qxb6 Qh3 28. Qa7 Bxe5 29. dxe5 Rd1# 0-1

[Event "Open Nuevo Centro. Jornada 5"]
[Site "Chess.com"]
[Date "2020.07.17"]
[Round "3"]
[White "Gómez Alonso, Óscar"]
[Black "Soliva Ruiz, Ramon"]
[Result "1-0"]
[WhiteElo "1831"]
[BlackElo "1480"]
[PlyCount "87"]
[EventDate "2020.??.??"]

1. d4 d5 2. c4 dxc4 3. e3 Nf6 4. Bxc4 e6 5. Nc3 a6 6. Nf3 Bd7 7. O-O b5 8. Bb3
Bd6 9. a3 O-O 10. e4 b4 11. axb4 Bxb4 12. e5 Ne8 13. Qd3 Bxc3 14. bxc3 Bc6 15.
Bc2 g6 16. Bh6 Ng7 17. Bg5 Qd7 18. Bh6 f6 19. exf6 Rxf6 20. Ne5 Qd5 21. Nxc6
Nxc6 22. Rae1 Qh5 23. Bxg7 Kxg7 24. Qe4 Qd5 25. Re3 Ne7 26. Rfe1 Nf5 27. Qxd5
exd5 28. Bxf5 Rxf5 29. Re7+ Kh6 30. Rxc7 Raf8 31. f3 g5 32. h3 Kg6 33. Re6+
R5f6 34. Rcc6 Kf5 35. g4+ Kf4 36. Rxf6+ Rxf6 37. Rxf6+ Ke3 38. Rxa6 Kd3 39. Rc6
Ke3 40. Kg2 Kd2 41. Rc5 h5 42. gxh5 Kd3 43. h6 Ke3 44. h7 1-0

[Event "Open Nuevo Centro. Jornada 5"]
[Site "Chess.com"]
[Date "2020.07.17"]
[Round "3"]
[White "Granero Roca, Antonio"]
[Black "Donate Moreno, Silvia"]
[Result "1-0"]
[WhiteElo "2438"]
[BlackElo "2007"]
[PlyCount "63"]
[EventDate "2020.??.??"]

1. Nf3 g6 2. g3 Bg7 3. Bg2 d6 4. O-O e5 5. d3 f5 6. c4 Nf6 7. Nc3 O-O 8. Bg5 h6
9. Bxf6 Qxf6 10. Nd2 c6 11. Rb1 Be6 12. e3 Qf7 13. b4 a6 14. a4 Nd7 15. Qc2 f4
16. b5 axb5 17. axb5 d5 18. bxc6 bxc6 19. Rb7 Rfb8 20. Qb3 dxc4 21. dxc4 Rxb7
22. Qxb7 Ra3 23. Nce4 Nf6 24. Qxc6 Nxe4 25. Bxe4 Ra2 26. Qd6 Bf8 27. Qd8 Kg7
28. Nf3 Be7 29. Qc7 Bf6 30. Qd6 Bxc4 31. Nxe5 Qa7 32. Nxc4 1-0

[Event "Open Nuevo Centro. Jornada 5"]
[Site "Chess.com"]
[Date "2020.07.17"]
[Round "3"]
[White "Pallardo Lozoya, Jose Vicente"]
[Black "Teply Koutsky, David"]
[Result "1-0"]
[WhiteElo "2222"]
[BlackElo "1627"]
[PlyCount "53"]
[EventDate "2020.??.??"]

1. e4 e6 2. d4 d5 3. Nd2 c5 4. Ngf3 Nc6 5. exd5 exd5 6. Bb5 Nf6 7. O-O Be7 8.
dxc5 Bxc5 9. Re1+ Be7 10. Ne5 Bd7 11. Nxd7 Qxd7 12. Nb3 O-O 13. Bg5 Rfe8 14.
Qf3 h6 15. Bh4 Ne4 16. Bxe7 Rxe7 17. Red1 Qe6 18. Bxc6 bxc6 19. Nd4 Qd7 20. c4
Qb7 21. cxd5 cxd5 22. Qa3 Rae8 23. Rac1 Nd2 24. b3 Qb6 25. Qb2 Ne4 26. f3 Nf6
27. Qf2 1-0

[Event "Open Nuevo Centro. Jornada 5"]
[Site "Chess.com"]
[Date "2020.07.17"]
[Round "3"]
[White "Pardo Ruiz, Beatriz"]
[Black "Birnoveanu, Petru"]
[Result "1-0"]
[WhiteElo "1352"]
[BlackElo "1684"]
[PlyCount "47"]
[EventDate "2020.??.??"]

1. e4 e6 2. Nf3 d5 3. exd5 exd5 4. Be2 Bd6 5. d3 Ne7 6. Be3 Ng6 7. Nbd2 c5 8.
c3 Nc6 9. d4 c4 10. O-O b5 11. Qc2 a6 12. Rad1 Be6 13. Rfe1 O-O 14. h3 f5 15.
Bg5 Qd7 16. b3 Rae8 17. bxc4 bxc4 18. Qa4 h6 19. Bh4 Nxd4 20. Qxd7 Nxe2+ 21.
Rxe2 Bxd7 22. Kh1 Rxe2 23. Nb1 Rxa2 24. Rxd5 1-0

[Event "Open Nuevo Centro. Jornada 5"]
[Site "Chess.com"]
[Date "2020.07.17"]
[Round "3"]
[White "Sendra Tormo, Juan"]
[Black "Chofre Murcia, Adrián"]
[Result "1-0"]
[WhiteElo "2247"]
[BlackElo "1664"]
[PlyCount "103"]
[EventDate "2020.??.??"]

1. e4 e5 2. Nf3 Nc6 3. Bc4 Bc5 4. O-O Nf6 5. d4 Bxd4 6. Nxd4 Nxd4 7. Bg5 O-O 8.
f4 Nc6 9. Nc3 h6 10. Bh4 exf4 11. Rxf4 g5 12. Qf1 Kg7 13. Rxf6 Qxf6 14. Qxf6+
Kxf6 15. Nd5+ Kg7 16. Bg3 f6 17. Nxc7 Rb8 18. Bd6 Rd8 19. a4 Ne5 20. Nd5 Nxc4
21. Bxb8 Nxb2 22. Bxa7 d6 23. Bd4 Nc4 24. Bxf6+ Kf7 25. Bxd8 Nd2 26. Re1 Be6
27. Ba5 Nc4 28. Bc3 b6 29. Rf1+ Ke8 30. Nc7+ Kd7 31. Nxe6 Kxe6 32. Rf6+ Ke7 33.
Rxh6 Kd7 34. h4 gxh4 35. Rxh4 Ne3 36. Bd4 Nxc2 37. Bxb6 Nb4 38. a5 Na6 39. Rh6
Kc6 40. g4 Nb8 41. g5 Nd7 42. g6 Nf6 43. g7 Ng8 44. Rh8 Nf6 45. Rf8 Nd7 46.
g8=Q Ne5 47. Qd5+ Kd7 48. Rd8+ Ke7 49. Qxd6+ Kf7 50. Rf8+ Kg7 51. Qf6+ Kh7 52.
Rh8# 1-0

[Event "Open Nuevo Centro. Jornada 5"]
[Site "Chess.com"]
[Date "2020.07.17"]
[Round "3"]
[White "Bosch Jordà, Ricard"]
[Black "Macias Pino, Diego"]
[Result "0-1"]
[WhiteElo "1911"]
[BlackElo "2269"]
[PlyCount "76"]
[EventDate "2020.??.??"]

1. e4 c6 2. d4 d5 3. exd5 cxd5 4. Bd3 Nf6 5. c3 Nc6 6. Bf4 Bg4 7. Qb3 Qc8 8.
Nd2 e6 9. Ngf3 a6 10. a4 Be7 11. O-O Bh5 12. Rfe1 Bg6 13. Qc2 O-O 14. Bxg6 hxg6
15. Qd3 Nh5 16. Bg3 Nxg3 17. hxg3 Qd7 18. Ne5 Nxe5 19. Rxe5 b5 20. axb5 axb5
21. Ree1 Rfc8 22. Nf3 b4 23. Ne5 Qc7 24. Rxa8 Rxa8 25. c4 dxc4 26. Nxc4 Rd8 27.
Ne5 Bf6 28. Nf3 g5 29. Rd1 g4 30. Ne1 Rxd4 31. Qe2 Rxd1 32. Qxd1 Bxb2 33. Qxg4
Qc1 34. Qe4 Bc3 35. Qa8+ Kh7 36. Qe4+ g6 37. Kf1 b3 38. Qh4+ Kg7 0-1

[Event "Open Nuevo Centro. Jornada 5"]
[Site "Chess.com"]
[Date "2020.07.17"]
[Round "3"]
[White "Bascuñana Sánchez, Pablo"]
[Black "Luque Saiz, Andrés"]
[Result "0-1"]
[WhiteElo "1560"]
[BlackElo "1946"]
[PlyCount "64"]
[EventDate "2020.??.??"]

1. e4 c6 2. d4 d5 3. exd5 cxd5 4. Bd3 Nc6 5. c3 Qc7 6. h3 Bd7 7. Nf3 e6 8. O-O
Bd6 9. Re1 Nge7 10. Nbd2 f6 11. b3 g5 12. Bb2 h5 13. c4 O-O-O 14. c5 Bf4 15. a3
g4 16. Nh4 e5 17. dxe5 Nxe5 18. Bc2 Bg5 19. g3 Bxh4 20. gxh4 gxh3 21. Re3 Nf5
22. Rxh3 Rdg8+ 23. Kh1 Ng4 24. Qf3 Ne7 25. Bxf6 Rf8 26. Bxh8 Rxf3 27. Nxf3
Nxf2+ 28. Kg2 Nxh3 29. b4 Qf4 30. Be5 Qg4+ 31. Kh2 Qxf3 32. Rg1 Nxg1 0-1

[Event "Open Nuevo Centro. Jornada 5"]
[Site "Chess.com"]
[Date "2020.07.17"]
[Round "3"]
[White "Serrano Requena, Guillem"]
[Black "Grigorev, Artur"]
[Result "1-0"]
[WhiteElo "1474"]
[BlackElo "927"]
[PlyCount "65"]
[EventDate "2020.??.??"]

1. d4 d5 2. Nf3 Nc6 3. Bg5 Nf6 4. c4 dxc4 5. e3 Be6 6. Nc3 g6 7. Bxf6 exf6 8.
d5 Bxd5 9. Qxd5 Qxd5 10. Nxd5 O-O-O 11. Bxc4 Bb4+ 12. Nc3 Bxc3+ 13. bxc3 Rhe8
14. O-O Na5 15. Bxf7 Re7 16. Bb3 Nc6 17. Nd4 Ne5 18. a4 Kb8 19. a5 a6 20. Rab1
Nd3 21. Bc4 Nc5 22. Nc6+ Ka8 23. Nxd8 Rd7 24. Ne6 Nxe6 25. Bxe6 Rd6 26. Bg8 Rd8
27. Bxh7 Rh8 28. Bxg6 Rg8 29. Be4 Re8 30. Rxb7 Rxe4 31. Rfb1 Re6 32. Rb8+ Ka7
33. R1b7# 1-0

[Event "Open Nuevo Centro. Jornada 5"]
[Site "Chess.com"]
[Date "2020.07.17"]
[Round "3"]
[White "Rabbani Perez, Oumaima"]
[Black "Fitzpatrick Dimas, Kevin"]
[Result "0-1"]
[WhiteElo "624"]
[BlackElo "961"]
[PlyCount "102"]
[EventDate "2020.??.??"]

1. d4 d5 2. Nc3 Bf5 3. Bf4 e6 4. e3 Nf6 5. Nf3 Bb4 6. Qd2 Nc6 7. O-O-O Be4 8.
Be2 O-O 9. Rhg1 Bf5 10. Ng5 Ne4 11. Qd3 Nxc3 12. Qd2 Nxd1 13. Qxd1 h6 14. Nf3
Re8 15. b3 Ba3+ 16. Kd2 Qe7 17. Ne5 Qb4+ 18. c3 Qb6 19. Nd7 Qa5 20. b4 Bc1+ 21.
Kxc1 Qa3+ 22. Kd2 Qxa2+ 23. Qc2 Qxc2+ 24. Ke1 Qc1+ 25. Bd1 Bc2 26. Ke2 Qxd1+
27. Rxd1 Bxd1+ 28. Kxd1 Red8 29. Nc5 b6 30. Bxc7 Rdc8 31. Bxb6 axb6 32. Nb3 Ra3
33. Nd2 Rxc3 34. Nb1 Rd3+ 35. Ke2 Rb3 36. Nd2 Rxb4 37. Kd3 Rb2 38. Nc4 Nb4+ 39.
Kc3 Rc2+ 40. Kb3 R2xc4 41. Kb2 b5 42. Kb3 Nd3 43. f3 b4 44. g3 Rc3+ 45. Ka2 b3+
46. Kb1 b2 47. Ka2 Nb4+ 48. Kb1 Rc1+ 49. Kxb2 R1c2+ 50. Kb1 Rxh2 51. Ka1 Rc1#
0-1

[Event "Open Nuevo Centro. Jornada 5"]
[Site "Chess.com"]
[Date "2020.07.17"]
[Round "3"]
[White "Chernikov, Vladimir"]
[Black "Saiz Sapena, Veronica"]
[Result "1-0"]
[WhiteElo "2198"]
[BlackElo "1610"]
[PlyCount "79"]
[EventDate "2020.??.??"]

1. b3 Nf6 2. Bb2 e6 3. Bxf6 Qxf6 4. d4 d5 5. Nf3 Bd6 6. e3 Nd7 7. Be2 O-O 8.
O-O c5 9. c3 cxd4 10. cxd4 a6 11. Nc3 b5 12. e4 dxe4 13. Nxe4 Qe7 14. Qd3 Bb7
15. Rfe1 Rfd8 16. Rad1 Nf6 17. Nxd6 Rxd6 18. Ne5 Rc8 19. Bf3 Bxf3 20. Qxf3 Nd5
21. Rc1 Rdd8 22. Nc6 Qa3 23. Rc5 Re8 24. Qe2 Rc7 25. h4 Rec8 26. Rec1 h6 27.
Qc2 Kf8 28. Qh7 Rxc6 29. Rxc6 Rxc6 30. Rxc6 Qb2 31. Rc8+ Ke7 32. Qxg7 Qb1+ 33.
Kh2 Qf5 34. Qf8+ Kf6 35. Qxh6+ Ke7 36. Qg5+ Qxg5 37. hxg5 Kd7 38. Ra8 Nf4 39.
Ra7+ Kd6 40. Rxf7 1-0

[Event "Open Nuevo Centro. Jornada 5"]
[Site "Chess.com"]
[Date "2020.07.17"]
[Round "3"]
[White "Donate Peris, Jose Manuel"]
[Black "Cantero Navarro, Antonio"]
[Result "0-1"]
[WhiteElo "1536"]
[BlackElo "1881"]
[PlyCount "83"]
[EventDate "2020.??.??"]

1. d4 Nf6 2. c4 e6 3. Nc3 Bb4 4. a3 Bxc3+ 5. bxc3 b6 6. e3 Bb7 7. Nf3 O-O 8.
Bd3 Nc6 9. O-O Na5 10. Nd2 d6 11. f3 c5 12. e4 Rc8 13. d5 Ba6 14. Bb2 exd5 15.
exd5 Nxd5 16. Qe2 Nf4 17. Qe4 Nxd3 18. Qxd3 d5 19. Rfe1 Nxc4 20. Nxc4 Bxc4 21.
Qf5 Rc6 22. Re5 Rf6 23. Qc2 Rg6 24. Rae1 Qf6 25. Re8 Qg5 26. R1e5 Qf6 27. Bc1
Qc6 28. R8e7 h6 29. Bf4 Rf6 30. Bg3 a5 31. Qd1 Qb5 32. Qe1 Qb2 33. Re8 Rxe8 34.
Rxe8+ Kh7 35. Re2 Qxe2 36. Qxe2 Bxe2 37. Kf2 Bc4 38. Bc7 a4 39. Ke3 Rc6 40. Be5
Re6 41. f4 f6 42. Kd2 0-1

[Event "Open Nuevo Centro. Jornada 5"]
[Site "Chess.com"]
[Date "2020.07.17"]
[Round "3"]
[White "Galcin Plitnikas, Artiom"]
[Black "Más Ripoll, Vicente"]
[Result "0-1"]
[WhiteElo "787"]
[BlackElo "1084"]
[PlyCount "116"]
[EventDate "2020.??.??"]

1. d4 Nf6 2. Nf3 g6 3. Bf4 Bg7 4. e3 d6 5. Be2 Bg4 6. Nbd2 Nbd7 7. O-O Nh5 8.
Bg5 h6 9. Bh4 g5 10. Bg3 Nxg3 11. fxg3 O-O 12. Nb3 a6 13. Nfd2 Bxe2 14. Qxe2 e5
15. dxe5 dxe5 16. Rad1 Qe7 17. Qc4 Rac8 18. Ne4 b5 19. Qc3 c5 20. Rxd7 Qxd7 21.
Nexc5 Qe7 22. e4 Rfd8 23. Qe3 Rc7 24. Nxa6 Rxc2 25. Nac5 Rc8 26. Rc1 Rxc1+ 27.
Qxc1 Qd6 28. Qe3 Qd1+ 29. Kf2 Qc2+ 30. Qe2 Rxc5 31. Nxc5 Qxc5+ 32. Qe3 Qc2+ 33.
Qe2 Qxe2+ 34. Kxe2 Bf8 35. Kd2 Bd6 36. Kc2 Kf8 37. Kb3 Ke7 38. a4 bxa4+ 39.
Kxa4 Kd7 40. b4 Kc6 41. b5+ Kb6 42. Kb3 Kxb5 43. h4 gxh4 44. gxh4 Kc5 45. g3
Kd4 46. g4 Kxe4 47. g5 hxg5 48. hxg5 Kf5 49. Kc4 Kf4 50. Kd5 Bc7 51. Kc6 Bb8
52. Kd7 Kxg5 53. Ke7 f5 54. Ke6 e4 55. Kd5 Kf4 56. Kd4 e3 57. Kd5 Kf3 58. Kd4
f4 0-1

[Event "Open Nuevo Centro. Jornada 5"]
[Site "Chess.com"]
[Date "2020.07.17"]
[Round "3"]
[White "Llorens Ferrer, Francisco"]
[Black "Lopez Mateo, Juan Carlos"]
[Result "0-1"]
[WhiteElo "1604"]
[BlackElo "2190"]
[PlyCount "94"]
[EventDate "2020.??.??"]

1. e4 c5 2. Nf3 e6 3. d4 cxd4 4. Nxd4 a6 5. c4 Nf6 6. Nc3 Bb4 7. Bd3 Nc6 8.
Nxc6 dxc6 9. O-O e5 10. Bg5 h6 11. Bh4 Bc5 12. Qc2 g5 13. Bg3 Qe7 14. Na4 Bd4
15. c5 h5 16. Nb6 Rb8 17. Nxc8 Rxc8 18. h3 h4 19. Bh2 g4 20. hxg4 Nxg4 21. Be2
Qg5 22. Qb3 Rg8 23. Qf3 Rd8 24. Rad1 Ke7 25. Kh1 Bxc5 26. Rxd8 Kxd8 27. Rd1+
Ke7 28. Qxg4 Qxg4 29. Bxg4 Rxg4 30. f3 Rg5 31. Bg1 Bxg1 32. Kxg1 h3 33. g4 Rg6
34. Rd3 Rd6 35. Rxd6 Kxd6 36. Kh2 c5 37. Kxh3 b5 38. Kh4 c4 39. Kg5 b4 40. Kf6
c3 41. bxc3 bxc3 42. Kxf7 c2 43. g5 c1=Q 44. g6 Qf4+ 45. Kg8 Ke7 46. g7 Kf6 47.
Kh8 Qh6+ 0-1

[Event "Open Nuevo Centro. Jornada 5"]
[Site "Chess.com"]
[Date "2020.07.17"]
[Round "3"]
[White "Gil López, Alejandro"]
[Black "Gutierrez Marco, Dario"]
[Result "1-0"]
[WhiteElo "2159"]
[BlackElo "1841"]
[PlyCount "106"]
[EventDate "2020.??.??"]

1. e4 c5 2. Nf3 d6 3. c3 Nf6 4. Bc4 Nc6 5. d3 a6 6. a4 e6 7. O-O Be7 8. Bg5 O-O
9. Nbd2 Rb8 10. Re1 b5 11. axb5 axb5 12. Bb3 h6 13. Bh4 Qc7 14. Bc2 b4 15. Bg3
bxc3 16. bxc3 e5 17. Nb3 Bg4 18. h3 Bh5 19. Bh2 Rb7 20. g4 Bg6 21. d4 cxd4 22.
cxd4 Rc8 23. Bd3 Nb4 24. dxe5 Nxd3 25. Qxd3 Nxe4 26. Rxe4 Bxe4 27. Qxe4 Rxb3
28. exd6 Bxd6 29. Bxd6 Qxd6 30. Kg2 Qc6 31. Qf5 Rd8 32. Ra7 f6 33. Ra6 Qd5 34.
Qxd5+ Rxd5 35. Nh4 Rd2 36. Ra8+ Kh7 37. Nf5 Rbb2 38. Kg3 Rxf2 39. Kh4 g5+ 40.
Kh5 Rb3 41. Ra7+ Kg8 42. Kg6 Rb8 43. Rg7+ Kf8 44. Rf7+ Ke8 45. Rh7 Kd8 46. Rxh6
Kc7 47. Rh7+ Kc6 48. Kxf6 Rf3 49. Kxg5 Rf1 50. Rh6+ Kd5 51. Ne3+ Ke4 52. Nxf1
Rg8+ 53. Kh4 Rg5 1-0

[Event "Open Nuevo Centro. Jornada 5"]
[Site "Chess.com"]
[Date "2020.07.17"]
[Round "3"]
[White "Cayon Pelaez, Pablo"]
[Black "Gukasov, Artem"]
[Result "1-0"]
[WhiteElo "1823"]
[BlackElo "1483"]
[PlyCount "111"]
[EventDate "2020.??.??"]

1. e4 e6 2. d4 d5 3. Bd3 Nf6 4. Nd2 dxe4 5. Nxe4 Nxe4 6. Bxe4 c6 7. c3 Be7 8.
Bf4 Bg5 9. Qd2 Bxf4 10. Qxf4 O-O 11. Nf3 Nd7 12. O-O Nf6 13. Bc2 Nd5 14. Qg3
Qf6 15. Ne5 Nf4 16. Rae1 Ng6 17. f4 Qh4 18. Nxg6 Qxg3 19. Ne7+ Kh8 20. hxg3 Bd7
21. f5 Rae8 22. fxe6 fxe6 23. Rxf8+ Rxf8 24. Bg6 Rf6 25. Rf1 hxg6 26. Rxf6 gxf6
27. Nxg6+ Kg7 28. Nf4 e5 29. dxe5 fxe5 30. Nd3 Kf6 31. Kf2 b6 32. Kf3 Bf5 33.
Nb4 Bd7 34. Nc2 c5 35. Ne3 Bc6+ 36. Kf2 Kg5 37. b4 e4 38. bxc5 bxc5 39. a3 a5
40. Nd1 Kg4 41. Ne3+ Kg5 42. Nc4 a4 43. Ne5 Bd5 44. Nd7 c4 45. Nb6 Bc6 46. Nxc4
Kf5 47. Ne3+ Kg5 48. g4 Bb5 49. c4 Bc6 50. c5 Bd7 51. Nc4 Bc6 52. Ke3 Kxg4 53.
Ne5+ Kf5 54. Nxc6 Ke6 55. Nd4+ Kd5 56. c6 1-0

[Event "Open Nuevo Centro. Jornada 5"]
[Site "Chess.com"]
[Date "2020.07.17"]
[Round "3"]
[White "Cebrian Granado, Fran"]
[Black "Martínez Cuenca, Jose Andrés"]
[Result "0-1"]
[WhiteElo "568"]
[BlackElo "954"]
[PlyCount "126"]
[EventDate "2020.??.??"]

1. e4 c5 2. Nf3 g6 3. Bc4 Nc6 4. c3 Bg7 5. O-O d6 6. d3 Nf6 7. Nbd2 Bg4 8. Re1
O-O 9. Nf1 e6 10. Ng3 d5 11. exd5 exd5 12. Bb3 Re8 13. Rxe8+ Qxe8 14. h3 Bxf3
15. Qxf3 Qe7 16. c4 dxc4 17. dxc4 Nd4 18. Qe3 Qxe3 19. Bxe3 Nxb3 20. axb3 b6
21. f4 Re8 22. Bf2 Ne4 23. Nxe4 Rxe4 24. Rxa7 Rxf4 25. Ra8+ Bf8 26. Rb8 Rf6 27.
Bh4 Re6 28. Bd8 Re8 29. Rc8 Kg7 30. Bf6+ Kxf6 31. Rxe8 Bd6 32. Rd8 Be5 33. Rd5
Bxb2 34. Rd2 Bc3 35. Rf2+ Ke5 36. Re2+ Kf6 37. Re3 Bd4 38. Kf2 Bxe3+ 39. Kxe3
Ke6 40. Kd3 Kd6 41. Kc3 Kc6 42. b4 cxb4+ 43. Kxb4 f5 44. g3 h6 45. h4 g5 46. h5
f4 47. g4 f3 48. Kc3 f2 49. Kd2 f1=Q 50. Kc3 Qf3+ 51. Kd2 Qxg4 52. Ke1 Qxh5 53.
Kf1 Qh4 54. Kg1 Qxc4 55. Kf2 Qe4 56. Kg3 Kd5 57. Kf2 Kd4 58. Kg3 Kd3 59. Kf2
Qe3+ 60. Kf1 Qe2+ 61. Kg1 Ke3 62. Kh1 Kf3 63. Kg1 Qg2# 0-1

[Event "Open Nuevo Centro. Jornada 5"]
[Site "Chess.com"]
[Date "2020.07.17"]
[Round "3"]
[White "Angullo Gil, Jose"]
[Black "Silva Rodriguez, Fernando"]
[Result "0-1"]
[WhiteElo "1997"]
[BlackElo "2432"]
[PlyCount "126"]
[EventDate "2020.??.??"]

1. e4 d5 2. exd5 Nf6 3. Bb5+ Nbd7 4. c4 a6 5. Ba4 b5 6. cxb5 Nxd5 7. Nf3 N5b6
8. O-O Nc5 9. Bc2 Nd3 10. Qe2 Nxc1 11. Rxc1 e6 12. Nc3 Bd6 13. d4 O-O 14. Be4
Rb8 15. bxa6 Nd5 16. a7 Ra8 17. Nxd5 exd5 18. Bxd5 Rxa7 19. Bc6 Ba6 20. Qe4 Qf6
21. Ne5 Bc8 22. Rc3 Bf5 23. Qe3 Rb8 24. b3 Ra5 25. f4 Rd8 26. h3 h5 27. Rf1 h4
28. Kh2 Rxa2 29. Rf2 Ra1 30. Rc1 Ra6 31. Qc3 Rb6 32. b4 Bxb4 33. Qc4 Bf8 34.
Ra2 Rb4 35. Qe2 Rbxd4 36. Bf3 Rxf4 37. Ng4 Bxg4 38. hxg4 Bd6 39. Kh1 Rd4 40.
Re1 Qf4 41. Kg1 Bc5 42. Kh1 Bd6 43. Kg1 Qg3 44. Ra8 Bc5 45. Kh1 h3 46. Rxd8+
Rxd8 47. gxh3 Qxh3+ 48. Qh2 Qxf3+ 49. Qg2 Qxg2+ 50. Kxg2 Kf8 51. Kf3 Bd6 52.
Rh1 Ke7 53. Rh7 Kf6 54. Rh5 g6 55. Rh7 Rb8 56. g5+ Ke6 57. Rh1 Rb3+ 58. Ke4
Rb4+ 59. Kd3 Rg4 60. Re1+ Kd7 61. Rf1 Ke6 62. Re1+ Be5 63. Rf1 Rxg5 0-1